01320nab a22002417a 4500999001500000003000400015005001700019008004100036040000700077100003700084245013200121260007300253300001500326500002800341505035400369505008200723650002300805650003400828650002300862650002500885773015500910942001301065 c5604d5604OSt20251222102123.0190429b xxu||||| |||| 00| 0 spa d cPJ 96579aRuiz Guarneros, Aura Itzel10aNeurocriminología y predicción del delito. Avances metodológicos y consideraciones éticas /cAura Itzel Ruiz Guarneros. cCiudad Autónoma de Buenos Aires :aThomson Reuters La Ley, b2025. ap. 227-241 aCita: AR/DOC/1336/2025. aSumario: I. Introducción.— II. Neurocriminología y predicción del delito: hacia un nuevo paradigma penal.— III. Castigar el futuro: riesgos éticos de la neuropredicción.— IV. Neurointervenciones: ¿prevención o control?— V. Neuroprevención del delito: una nueva frontera en criminología y neurociencia.— VI. Bibliografía. tSi te interesa el texto completo, solicitalo a koha@justierradelfuego.gov.ar  09343aDERECHO PENAL 094480aPREVENCIÓN DEL DELITO 093006aREINCIDENCIA 092486aCRIMINOLOGÍA0 0265893164tRevista de derecho penal y criminología. Nº 6 - Julio 2025dCiudad Autónoma de Buenos Aires : Thomson Reuters La Ley, 2017-x00347914 2udccANA